Kádár János és Nagy Imre politikai véleménye 1956 októberéről
Elmentve itt :
| Szerző: | |
|---|---|
| További közreműködők: | |
| Dokumentumtípus: | Könyv része |
| Megjelent: |
2012
|
| Sorozat: | Tehetségek a történettudomány szolgálatában
1 Tehetségek a történettudomány szolgálatában I. : történelem szakos hallgatók diákköri dolgozatai 1 |
| Kulcsszavak: | Forradalom - Magyarország - 1956 - politikai vélemények |
| Tárgyszavak: | |
| Online Access: | http://acta.bibl.u-szeged.hu/48158 |
| LEADER | 00980naa a2200241 i 4500 | ||
|---|---|---|---|
| 001 | acta48158 | ||
| 005 | 20220224154204.0 | ||
| 008 | 170615s2012 hu o 0|| hun d | ||
| 020 | |a 978-963-306-157-2 | ||
| 040 | |a SZTE Egyetemi Kiadványok Repozitórium |b hun | ||
| 041 | |a hun | ||
| 100 | 1 | |a Gulyás Martin | |
| 245 | 1 | 0 | |a Kádár János és Nagy Imre politikai véleménye 1956 októberéről |h [elektronikus dokumentum] / |c Gulyás Martin |
| 260 | |c 2012 | ||
| 300 | |a 53-65 | ||
| 490 | 0 | |a Tehetségek a történettudomány szolgálatában |v 1 | |
| 490 | 0 | |a Tehetségek a történettudomány szolgálatában I. : történelem szakos hallgatók diákköri dolgozatai |v 1 | |
| 650 | 4 | |a Bölcsészettudományok | |
| 650 | 4 | |a Történettudomány és régészet | |
| 695 | |a Forradalom - Magyarország - 1956 - politikai vélemények | ||
| 700 | 0 | 1 | |a Kádár János |
| 700 | 0 | 1 | |a Nagy Imre |
| 856 | 4 | 0 | |u http://acta.bibl.u-szeged.hu/48158/1/tehetseg_tortenet_001_053-065.pdf |z Dokumentum-elérés |